Complétez ces noms de départements - Sprint - Statistiques

Statistiques générales
  • Ce quiz a été pris 230 fois
  • Le résultat moyen est 12 sur 20
Statistiques - réponses
Hint Réponse % Correct
Côte- d'Or
70%
Corse- du-Sud
70%
Bouches- du-Rhône
68%
Bas- Rhin
67%
Pas- de-Calais
66%
Puy- de-Dôme
66%
Val- d'Oise
66%
Meurthe- et-Moselle
66%
Pyrénées- Orientales
64%
Loir- et-Cher
63%
Lot- et-Garonne
63%
Deux- Sèvres
63%
Territoire de Belfort
60%
Ille- et-Vilaine
58%
Hautes- Pyrénées
56%
Eure- et-Loir
55%
Alpes- de-Haute-Provence
54%
Seine- Saint-Denis
54%
Haute- Garonne
51%
Indre- et-Loire
40%
Aucun quiz correspondant
Distribution des résultats
% des personnes avec chaque résultat
Percentile par nombre de réponses
Votre historique - résultats
Vous n’avez pas pris ce quiz